[Event "Almeria Sola Memorial-B 2nd"]
[Site "Almeria"]
[Date "2015.12.19"]
[Round "4"]
[White "Llamas Perez, Antonio"]
[Black "Canavate Solano, Jose Antonio"]
[Result "1-0"]
[WhiteElo "1718"]
[BlackElo "1498"]
[PlyCount "53"]
[EventDate "2015.12.18"]
[EventType "swiss"]
[EventRounds "7"]
[EventCountry "ESP"]
[SourceTitle "CBM 170 Extra"]
[Source "ChessBase"]
[SourceDate "2016.02.25"]
[SourceVersion "1"]
[SourceVersionDate "2016.02.25"]
[SourceQuality "1"]

1. d4 d5 2. Nf3 Nf6 3. e3 g6 4. Bd3 Bg7 5. Nbd2 0-0 6. 0-0 Nc6 7. c3 Bg4 8. h3 Bd7 9. e4 dxe4 10. Nxe4 Qc8 11. Nxf6+ Bxf6 12. Bf4 Re8 13. Re1 a6 14. a4 Nd8 15. Bc4 Ne6 16. Bh6 Ng7 17. Bxg7 Kxg7 18. Ne5 Bxe5 19. Rxe5 b5 20. axb5 axb5 21. Bxb5 Rb8 22. Bxd7 Qxd7 23. Qe2 e6 24. Re1 c6 25. b4 Rb7 26. Rc5 f6 27. Qc4 1-0

[Event "Malaga-ch"]
[Site "Malaga"]
[Date "2012.01.22"]
[Round "5"]
[White "Ramos Guaz, Jose Manuel"]
[Black "Llamas Perez, Antonio"]
[Result "0-1"]
[WhiteElo "1801"]
[BlackElo "1684"]
[PlyCount "50"]
[EventDate "2012.01.14"]
[EventType "swiss"]
[EventRounds "9"]
[EventCountry "ESP"]
[SourceTitle "CBM 146 Extra"]
[Source "ChessBase"]
[SourceDate "2012.02.29"]
[SourceVersion "1"]
[SourceVersionDate "2012.02.29"]
[SourceQuality "1"]

1. d4 e6 2. c4 f5 3. Nc3 Nf6 4. g3 d5 5. Bg2 c6 6. cxd5 exd5 7. Qc2 Bd6 8. e3 0-0 9. Nge2 Ne4 10. 0-0 Qe8 11. f3 Nf6 12. e4 fxe4 13. fxe4 dxe4 14. Nxe4 Nxe4 15. Rxf8+ Qxf8 16. Bxe4 h6 17. Bf4 Nd7 18. Rf1 Nf6 19. Bg2 Bg4 20. Nc3 Bxf4 21. Rxf4 Qe7 22. Ne4 Nxe4 23. Rxe4 Qd7 24. Qc4+ Kh8 25. d5 cxd5 0-1